Missing Word: #1 Dance Hits of the 80s Quiz Stats

 Plays Quiz Updated Sep 7, 2015

Challenge
Share
Tweet
Embed
Score 0/25 Timer 04:00
0 Plays Today
Song Title Missing Word % Correct
Never Gonna _____ You Up (G)Give
96.2%
Let's Hear _____ for the Boy (I)It
95.4%
Let's _____ (D)Dance
95.3%
Don't Look _____ Further (A)Any
91.6%
_____ on Movin' (K)Keep
91.3%
Let the Music _____ (P)Play
90.7%
It's _____ Men (R)Raining
87.3%
Caribbean _____ (Q)Queen
86.2%
C'est La _____ (V)Vie
86.1%
Express _____ (Y)Yourself
85.1%
Me _____ and I (M)Myself
85%
_____ of Touch (O)Out
78.4%
Word _____! (U)Up
76.5%
Song Title Missing Word % Correct
Let's Go _____ (C)Crazy
65.2%
I _____ for You (F)Feel
63.7%
The _____ Dance (S)Safety
62.9%
The _____ of Love (L)Look
60.8%
Dance _____ Days (H)Hall
59%
Super _____ (T)Trouper
49.9%
Who's _____ Who (Z)Zoomin'
45.7%
Big in _____ (J)Japan
40.9%
High _____ (E)Energy
34%
_____ Stance (B)Buffalo
32.2%
Ai _____ Corrida (N)No
29.9%
_____ Rappinghood (W)Wordy
7.8%

Today's Daily Dose

You're not logged in!

Compare scores with friends on all Sporcle quizzes.
OR
Log In

You Might Also Like...

Show Comments

Extras

Top Quizzes Today


Score Distribution

Your Account Isn't Verified!

In order to create a playlist on Sporcle, you need to verify the email address you used during registration. Go to your Sporcle Settings to finish the process.

Report this User

Report this user for behavior that violates our Community Guidelines.

Details: